ការធ្វើនេសាទគ្រួសារនៅស្រុកក្រគរខេត្តពោធិសាត់ (Record no. 3571)

000 -LEADER
fixed length control field 00515nam a22001577a 4500
003 - CONTROL NUMBER IDENTIFIER
control field OSt
005 - DATE AND TIME OF LATEST TRANSACTION
control field 20151118095119.0
008 - FIXED-LENGTH DATA ELEMENTS--GENERAL INFORMATION
fixed length control field 151118b xxu||||| |||| 00| 0 eng d
040 ## - CATALOGING SOURCE
Transcribing agency RUA
082 ## - DEWEY DECIMAL CLASSIFICATION NUMBER
Classification number FIS សាត់​ 1993 B152 Or.1
100 ## - MAIN ENTRY--PERSONAL NAME
9 (RLIN) 3839
Personal name សៀង ម៉េង
245 ## - TITLE STATEMENT
Title ការធ្វើនេសាទគ្រួសារនៅស្រុកក្រគរខេត្តពោធិសាត់
260 ## - PUBLICATION, DISTRIBUTION, ETC. (IMPRINT)
Place of publication, distribution, etc. Phnom Penh
Name of publisher, distributor, etc. RUA
Date of publication, distribution, etc. 1993
300 ## - PHYSICAL DESCRIPTION
Extent 128p.
Other physical details ill.
Dimensions 29cm.
942 ## - ADDED ENTRY ELEMENTS (KOHA)
Source of classification or shelving scheme
Koha item type FIS
Holdings
Price effective from Date last seen Permanent Location Not for loan Date acquired Source of classification or shelving scheme Koha item type Barcode Lost status Damaged status Shelving location Withdrawn status Current Location Full call number
2015-11-182015-11-18Library Block B 2015-11-18 FISRUA020727  B152 Library Block BFIS សាត់​ 1993 B152 Or.1
2015-11-182015-11-18Library Block B 2015-11-18 FISRUA020739  B152 Library Block BFIS សាត់​ 1993 B152 Or.2
2015-11-182015-11-18Library Block B 2015-11-18 FISRUA020506  B152 Library Block BFIS សាត់​ 1993 B152 Or.3
2015-11-182015-11-18Library Block B 2015-11-18 FISRUA020667  B152 Library Block BFIS សាត់​ 1993 B152 Or.4
2015-11-182015-11-18Library Block B 2015-11-18 FISRUA020517  B152 Library Block BFIS សាត់​ 1993 B152 Or.5
2015-11-182015-11-18Library Block B 2015-11-18 FISRUA020595  B152 Library Block BFIS សាត់​ 1993 B152 Or.6
2015-11-182015-11-18Library Block B 2015-11-18 FISRUA020387  B152 Library Block BFIS សាត់​ 1993 B152 Or.7
2015-11-182015-11-18Library Block B 2015-11-18 FISRUA020669  B152 Library Block BFIS សាត់​ 1993 B152 Or.8
2015-11-182015-11-18Library Block B 2015-11-18 FISRUA021079  B152 Library Block BFIS សាត់​ 1993 B152 Or.9
2015-11-182015-11-18Library Block B 2015-11-18 FISRUA021082  B152 Library Block BFIS សាត់​ 1993 B152 Or.10
2015-11-182015-11-18Library Block B 2015-11-18 FISRUA021009  B152 Library Block BFIS សាត់​ 1993 B152 Or.11
2015-11-182015-11-18Library Block B 2015-11-18 FISRUA020530  B152 Library Block BFIS សាត់​ 1993 B152 Or.12
មជ្ឈមណ្ឌលឯការនៃសាកលវិទ្យាល័យភូមិន្ទកសិកម្មចំការដូង

Powered by Koha